| 000 | 00591nam a2200193 4500 | ||
|---|---|---|---|
| 001 | 139992 | ||
| 003 | ES-MaACL | ||
| 007 | t| | ||
| 008 | 070214s1975 sp r ||||1| spa d | ||
| 100 | 1 |
_aSchorderet, Louis. _9104662 |
|
| 245 | 1 | 3 |
_aLa entrevista _b: su técnica / _cLouis Schorderet ; traducción de Marcelo Rojo. |
| 260 |
_aMadrid : _bOriens, _c1975. |
||
| 300 |
_a197 p. ; _c21 cm. |
||
| 490 | 1 | _aHombres, sistemas, técnicas | |
| 700 | 1 |
_aRojo, Marcelo. _999099 |
|
| 830 | 0 |
_aHombres, sistemas, técnicas _9220282 |
|
| 852 |
_aES-MaACL _jE-8439 _bR.92943 |
||
| 999 |
_c139992 _d139992 |
||